000 00429nmm a2200157Ia 4500
008 251105s9999||||xx |||||||||||||||||und||
020 _a9789876990509
041 _aspa
100 _aNúñez, Javier
245 0 _aTríptico
264 _a[Buenos Aires, Argentina] :
_bEduvim,
_c2013
300 _a80 páginas
650 _aFolklore & Popular Culture
856 _uhttps://public.digitaliapublishing.com/a/30567
942 _cCF
999 _c97575
_d97575